|
|
|
|
| LEADER |
01210nam a2200301 a 4500 |
| 001 |
3932196 |
| 008 |
090519s1991 dk a b i000 0 eng d |
| 010 |
|
|
|a \\\92179820
|
| 020 |
|
|
|a 9289011289 :
|c FR78
|
| 040 |
|
|
|a DLC
|c DLC
|
| 082 |
0 |
0 |
|a 362.1
|2 20
|
| 245 |
0 |
0 |
|a Health promotion research :
|b towards a new social epidemiology /
|c edited by Bernhard Badura and Ilona Kickbusch.
|
| 260 |
|
|
|a Copenhagen :
|b World Health Organization, Regional Office for Europe,
|c c1991.
|
| 300 |
|
|
|a x, 496 p. :
|b ill. ;
|c 24 cm.
|
| 490 |
1 |
|
|a WHO regional publications.
|p European series,
|x 0378-2255 ;
|v no. 37
|
| 504 |
|
|
|a Includes bibliographical references.
|
| 541 |
1 |
|
|e 00005316
|
| 650 |
|
0 |
|a Health promotion.
|
| 650 |
|
2 |
|a Health.
|
| 650 |
|
2 |
|a Sociology, Medical.
|
| 700 |
1 |
|
|a Badura, Bernhard,
|d 1943-
|
| 700 |
1 |
|
|a Kickbusch, Ilona,
|d 1950-
|
| 700 |
1 |
|
|a Currer, Caroline.
|
| 700 |
1 |
|
|a Stacey, Margaret.
|
| 710 |
2 |
|
|a World Health Organization.
|b Regional Office for Europe.
|
| 852 |
4 |
|
|a Ayesha Abed Library
|j Generalshelf
|
| 999 |
|
|
|c 826
|d 826
|
| 952 |
|
|
|0 0
|1 0
|2 ddc
|4 0
|6 362_100000000000000_HEA_1991
|7 0
|9 770
|a BRACUL
|b BRACUL
|c GEN
|d 2009-05-19
|g 78.00
|l 1
|m 5
|o 362.1 HEA
|p 3010005316
|r 2013-02-10
|s 2012-04-26
|t 1
|w 2009-05-19
|y BK
|